书目信息 |
| 题名: |
海洋小百科全书4
|
|
| 作者: | 关庆利 主编 ;丁玉柱 , 李文英 编著 | |
| 分册: | 4 海洋探险 | |
| 出版信息: | 北京 中国少年儿童出版社 2002.5 |
|
| 页数: | 234页 | |
| 开本: | 21cm | |
| 丛书名: | ||
| 单 册: | ||
| 中图分类: | P7-49 | |
| 科图分类: | ||
| 主题词: | 海洋学--hai yang xue--普及读物 | |
| 电子资源: | ||
| ISBN: | 7-5007-6112-0 | |
| 000 | 00860nam0 2200253 450 | |
| 001 | 012006000000 | |
| 005 | 20061115164535.70 | |
| 010 | @a7-5007-6112-0@dCNY18.00 | |
| 100 | @a20060712e20052002em y0chiy0121 ea | |
| 101 | 0 | @achi |
| 102 | @aCN@b110000 | |
| 105 | @aa z 000yy | |
| 200 | 1 | @a海洋小百科全书4@Ahai yang xiao bai ke quan shu 4@h4@i海洋探险@f关庆利主编@g丁玉柱, 李文英编著 |
| 210 | @a北京@c中国少年儿童出版社@d2002.5@h2005.8重印 | |
| 215 | @a234页@c图@d21cm | |
| 330 | @a本书共分四个部分, 包括: 古代海洋探险; 近代海洋探险; 现代极地探险; 环球海洋风采。 | |
| 517 | 1 | @a海洋探险@Ahai yang tan xian |
| 606 | 0 | @a海洋学@Ahai yang xue@j普及读物 |
| 690 | @aP7-49@v4 | |
| 701 | 0 | @a关庆利@Aguan qing li@4主编 |
| 702 | 0 | @a丁玉柱@Ading yu zhu@4编著 |
| 702 | 0 | @a李文英@Ali wen ying@4编著 |
| 801 | 0 | @aCN@c20061115 |
| 905 | @a10447@dP7-49@eG5463 | |
| 海洋小百科全书4.4.海洋探险/关庆利主编/丁玉柱, 李文英编著.-北京:中国少年儿童出版社,2002.5(2005.8重印) |
| 234页:图;21cm |
| ISBN 7-5007-6112-0:CNY18.00 |
| 本书共分四个部分, 包括: 古代海洋探险; 近代海洋探险; 现代极地探险; 环球海洋风采。 |
| ● |
| 相关链接 |
|
|
|
正题名:海洋小百科全书4
索取号:P7-49/G5463
 
预约/预借
| 序号 | 登录号 | 条形码 | 馆藏地/架位号 | 状态 | 备注 |
| 1 | 638422 | 206384223 | 社科二线400B/400B社科库 9排4列1层/ [索取号:P7-49/G5463] | 在馆 | |
| 2 | 638423 | 206384232 | 期刊室512/401自科库 129排2列5层/ [索取号:P7-49/G5463] | 在馆 | |
| 3 | 638424 | 206384241 | 社科二线400B/400B社科库 9排4列1层/ [索取号:P7-49/G5463] | 在馆 | |
| 4 | 638425 | 206384250 | 自科库401/401自科库 134排1列4层/ [索取号:P7-49/G5463] | 在馆 | |
| 5 | 638426 | 206384269 | 社科二线400B/400B社科库 9排4列1层/ [索取号:P7-49/G5463] | 在馆 |